000 00630nam a2200229Ia 4500
003 OSt
005 20220928121536.0
006 a|||||r|||| 00| 0
007 ta
008 220927b |||||||| |||| 00| 0 eng d
024 _a47280
037 _cTextual
040 _aSDCL
_cSDCL
_beng
041 _2eng
_aeng
082 _aV3:1944971'M6, L4
100 _aGupta Shantiswarup
_9452947
245 0 _aBritish relations with Bhutan
260 _aJaipur
_bPanchsheel Prakashan
_c1974
300 _axiii,223p
_ccm.
942 _hV3:1944971'M6, L4
_cTEXL
_2CC
999 _c766884
_d766884